Supply chain cost management / (Record no. 24342)

MARC details
000 -LEADER
fixed length control field 00549cam a2200193 a 4500
020 ## - INTERNATIONAL STANDARD BOOK NUMBER
ISBN 9780814474754
041 ## - LANGUAGE CODE
Language code of text/sound track or separate title English
082 00 - DEWEY DECIMAL CLASSIFICATION NUMBER
Classification number 658.72
Item number ANK
100 1# - MAIN ENTRY--AUTHOR NAME
Author name Anklesaria, Jimmy.
245 10 - TITLE STATEMENT
Title Supply chain cost management /
Statement of responsibility, etc Jimmy Anklesaria.
260 ## - PUBLICATION, DISTRIBUTION, ETC. (IMPRINT)
Place of publication New York :
Name of publisher JAICO
Year of publication 2011
300 ## - PHYSICAL DESCRIPTION
Number of Pages xxiii, 230 p. ;
Dimensions 24 cm.
500 ## - GENERAL NOTE
General note Includes index.
650 #0 - SUBJECT ADDED ENTRY--TOPICAL TERM
Subject Industrial procurement
General subdivision Cost effectiveness.
650 #0 - SUBJECT ADDED ENTRY--TOPICAL TERM
Subject Industrial procurement
General subdivision Cost control.
650 #0 - SUBJECT ADDED ENTRY--TOPICAL TERM
Subject Business logistics.
942 ## - ADDED ENTRY ELEMENTS (KOHA)
Source of classification or shelving scheme Dewey Decimal Classification
Koha item type Books
Holdings
Withdrawn status Lost status Source of classification or shelving scheme Damaged status Not for loan Home library Current library Shelving location Date acquired Source of acquisition Cost, normal purchase price Full call number Accession Number Price effective from Koha item type
    Dewey Decimal Classification     Institute of Public Enterprise, Library Institute of Public Enterprise, Library S Campus 05/04/2026 Gifted by Prof. S. Sathish Kumar (IPE Faculty ) 325.00 658.72 ANK 51035 05/04/2026 Books

Maintained and Designed by
2cqr automation private limited, Chennai. All Rights Reserved.

You are Visitor Number

PHP Hits Count